000 00788nam a2200229Ia 4500
003 GCL
008 140319s9999 xx 000 0 ara d
020 _a4369200177
040 _aGCL /
_cGCL
082 0 4 _a155.282
_bر د
100 1 _aرافت السيد عسكر
245 1 0 _aدراسة الشخصية عن طريق خط اليد /
_cرافت السيد عسكر
260 _aالقاهرة :
_bمكتبة النهضة المصرية ،
_c2004
300 _a292 ص ؛
_c24 سم
650 0 4 _aعلم النفس
650 0 4 _aالشخصية - تقييم
650 0 4 _aاليد - فسيولوجيا
650 0 4 _aالشخصية - الجوانب الاجتماعية
650 0 4 _aعلم الخطوط
650 0 4 _aالشخصية - نظرية المعرفة
942 _2ddc
_cBK
999 _c8566
_d8566